[Event "2024 US National High School (K-12) Championship"]
[Site "Baltimore, Maryland, United States"]
[Date "2024.04.06"]
[Round "3.8"]
[White "Murgescu, Adi"]
[Black "Lu, Maximillian"]
[Result "0-1"]
[TimeControl "G/90; d10"]
[BlackTitle "IM"]
[WhiteFideId "30908906"]
[BlackFideId "2096242"]
[WhiteElo "2167"]
[BlackElo "2452"]

1. e4 {[%clk 01:30:00]} {[%emt 00:00:08]} c5 {[%clk 01:30:00]} {[%emt
00:00:06]} 2. Nf3 {[%clk 01:30:00]} {[%emt 00:00:10]} d6 {[%clk 01:30:00]}
{[%emt 00:00:01]} 3. d4 {[%clk 01:30:00]} {[%emt 00:00:06]} cxd4 {[%clk
01:30:00]} {[%emt 00:00:06]} 4. Nxd4 {[%clk 01:30:00]} {[%emt 00:00:03]} Nf6
{[%clk 01:30:00]} {[%emt 00:00:07]} 5. Nc3 {[%clk 01:30:00]} {[%emt 00:00:06]}
a6 {[%clk 01:30:00]} {[%emt 00:00:03]} 6. Bg5 {[%clk 01:30:00]} {[%emt
00:00:06]} Nbd7 {[%clk 01:30:00]} {[%emt 00:00:04]} 7. Qe2 {[%clk 01:30:00]}
{[%emt 00:00:07]} Qa5 {[%clk 01:30:00]} {[%emt 00:00:05]} 8. f4 {[%clk
01:25:12]} {[%emt 00:04:58]} h6 {[%clk 01:30:00]} {[%emt 00:00:02]} 9. Bh4
{[%clk 01:18:49]} {[%emt 00:06:33]} e5 {[%clk 01:30:00]} {[%emt 00:00:08]} 10.
fxe5 {[%clk 01:15:59]} {[%emt 00:03:00]} dxe5 {[%clk 01:29:53]} {[%emt
00:00:18]} 11. Nb3 {[%clk 01:08:02]} {[%emt 00:08:06]} Qc7 {[%clk 01:29:53]}
{[%emt 00:00:02]} 12. O-O-O {[%clk 01:07:45]} {[%emt 00:00:26]} b5 {[%clk
01:29:53]} {[%emt 00:00:01]} 13. g4 {[%clk 01:03:49]} {[%emt 00:04:07]} Be7
{[%clk 01:29:53]} {[%emt 00:00:05]} 14. Bg2 {[%clk 01:01:45]} {[%emt 00:02:14]}
b4 {[%clk 01:29:45]} {[%emt 00:00:18]} 15. Bxf6 {[%clk 00:56:17]} {[%emt
00:05:39]} bxc3 {[%clk 01:29:45]} {[%emt 00:00:02]} 16. Bxe7 {[%clk 00:56:17]}
{[%emt 00:00:01]} cxb2+ {[%clk 01:29:45]} {[%emt 00:00:01]} 17. Kxb2 {[%clk
00:56:13]} {[%emt 00:00:14]} Kxe7 {[%clk 01:29:45]} {[%emt 00:00:08]} 18. c4
{[%clk 00:51:56]} {[%emt 00:04:27]} Nb6 {[%clk 01:27:01]} {[%emt 00:02:55]} 19.
Rd5 {[%clk 00:39:10]} {[%emt 00:12:55]} Qxc4 {[%clk 01:10:38]} {[%emt
00:16:33]} 20. Rxe5+ {[%clk 00:32:46]} {[%emt 00:06:34]} Be6 {[%clk 01:08:51]}
{[%emt 00:01:58]} 21. Bf3 {[%clk 00:30:43]} {[%emt 00:02:13]} Qb4 {[%clk
01:05:42]} {[%emt 00:03:18]} 22. Rc1 {[%clk 00:21:18]} {[%emt 00:09:35]} Rhc8
{[%clk 01:05:20]} {[%emt 00:00:32]} 23. Qe1 {[%clk 00:20:07]} {[%emt 00:01:21]}
Nc4+ {[%clk 01:00:15]} {[%emt 00:05:15]} 24. Kb1 {[%clk 00:17:31]} {[%emt
00:02:46]} Na3+ {[%clk 01:00:15]} {[%emt 00:00:03]} 25. Kb2 {[%clk 00:16:37]}
{[%emt 00:01:04]} Nc4+ {[%clk 00:55:55]} {[%emt 00:04:30]} 26. Kb1 {[%clk
00:15:44]} {[%emt 00:01:03]} Qxe1 {[%clk 00:55:55]} {[%emt 00:00:05]} 27. Rxe6+
{[%clk 00:15:44]} {[%emt 00:00:07]} fxe6 {[%clk 00:55:55]} {[%emt 00:00:05]} 28.
Rxe1 {[%clk 00:15:44]} {[%emt 00:00:04]} Rab8 {[%clk 00:55:53]} {[%emt
00:00:12]} 29. Rd1 {[%clk 00:15:04]} {[%emt 00:00:50]} a5 {[%clk 00:55:53]}
{[%emt 00:00:09]} 30. Ka1 {[%clk 00:14:17]} {[%emt 00:00:56]} Ne3 {[%clk
00:55:53]} {[%emt 00:00:01]} 0-1

[Event "2024 US National High School (K-12) Championship"]
[Site "Baltimore, Maryland, United States"]
[Date "2024.04.06"]
[Round "3.9"]
[White "Luo, Terry"]
[Black "Qian, Bobby"]
[Result "1-0"]
[TimeControl "G/90; d10"]
[WhiteTitle "FM"]
[BlackTitle "CM"]
[WhiteFideId "30931045"]
[BlackFideId "30965241"]
[WhiteElo "2417"]
[BlackElo "2116"]

1. d4 {[%clk 01:30:00]} d5 {[%clk 01:30:00]} {[%emt 00:00:04]} 2. c4 {[%clk
01:30:00]} {[%emt 00:00:02]} c6 {[%clk 01:30:00]} {[%emt 00:00:04]} 3. cxd5
{[%clk 01:30:00]} {[%emt 00:00:02]} cxd5 {[%clk 01:30:00]} {[%emt 00:00:05]} 4.
Bf4 {[%clk 01:30:00]} {[%emt 00:00:02]} Nc6 {[%clk 01:30:00]} {[%emt 00:00:10]}
5. e3 {[%clk 01:30:00]} Nf6 {[%clk 01:30:00]} {[%emt 00:00:08]} 6. Bd3 {[%clk
01:30:00]} {[%emt 00:00:01]} Bg4 {[%clk 01:27:01]} {[%emt 00:03:09]} 7. f3
{[%clk 01:29:08]} {[%emt 00:01:03]} Bh5 {[%clk 01:26:47]} {[%emt 00:00:24]} 8.
Nc3 {[%clk 01:28:49]} {[%emt 00:00:29]} e6 {[%clk 01:25:42]} {[%emt 00:01:15]}
9. Nge2 {[%clk 01:28:49]} {[%emt 00:00:05]} Be7 {[%clk 01:24:42]} {[%emt
00:01:10]} 10. O-O {[%clk 01:28:33]} {[%emt 00:00:26]} O-O {[%clk 01:24:37]}
{[%emt 00:00:15]} 11. Rc1 {[%clk 01:28:33]} {[%emt 00:00:03]} a6 {[%clk
01:21:27]} {[%emt 00:03:21]} 12. Na4 {[%clk 01:27:23]} {[%emt 00:01:20]} Nd7
{[%clk 01:13:36]} {[%emt 00:08:00]} 13. a3 {[%clk 01:26:02]} {[%emt 00:01:32]}
Rc8 {[%clk 01:11:22]} {[%emt 00:02:23]} 14. Bg3 {[%clk 01:20:00]} {[%emt
00:06:13]} b5 {[%clk 01:08:01]} {[%emt 00:03:32]} 15. Nf4 {[%clk 01:18:51]}
{[%emt 00:01:18]} Bg6 {[%clk 01:07:08]} {[%emt 00:01:03]} 16. Nxg6 {[%clk
01:18:33]} {[%emt 00:00:28]} hxg6 {[%clk 01:07:08]} {[%emt 00:00:06]} 17. Nc5
{[%clk 01:18:11]} {[%emt 00:00:32]} Nxc5 {[%clk 01:04:53]} {[%emt 00:02:24]} 18.
dxc5 {[%clk 01:18:11]} {[%emt 00:00:02]} Na5 {[%clk 01:04:07]} {[%emt
00:00:57]} 19. b4 {[%clk 01:16:31]} {[%emt 00:01:50]} Nc4 {[%clk 01:04:03]}
{[%emt 00:00:13]} 20. Bxc4 {[%clk 01:16:31]} {[%emt 00:00:01]} dxc4 {[%clk
01:03:28]} {[%emt 00:00:45]} 21. Qc2 {[%clk 01:14:50]} {[%emt 00:01:50]} Qd5
{[%clk 00:55:35]} {[%emt 00:08:03]} 22. Rfd1 {[%clk 01:11:26]} {[%emt
00:03:35]} Qb7 {[%clk 00:53:28]} {[%emt 00:02:17]} 23. Rd4 {[%clk 01:03:19]}
{[%emt 00:08:17]} Rfd8 {[%clk 00:52:59]} {[%emt 00:00:39]} 24. Rcd1 {[%clk
01:03:19]} {[%emt 00:00:05]} Rxd4 {[%clk 00:51:35]} {[%emt 00:01:34]} 25. Rxd4
{[%clk 01:03:19]} {[%emt 00:00:05]} Rd8 {[%clk 00:50:31]} {[%emt 00:01:14]} 26.
Qd1 {[%clk 01:03:08]} {[%emt 00:00:21]} Rxd4 {[%clk 00:49:34]} {[%emt
00:01:07]} 27. Qxd4 {[%clk 01:03:08]} {[%emt 00:00:01]} f6 {[%clk 00:34:57]}
{[%emt 00:14:47]} 28. Bd6 {[%clk 00:57:49]} {[%emt 00:05:29]} e5 {[%clk
00:21:57]} {[%emt 00:13:11]} 29. Qd2 {[%clk 00:55:03]} {[%emt 00:02:56]} Qd7
{[%clk 00:14:30]} {[%emt 00:07:36]} 30. Qd5+ {[%clk 00:51:24]} {[%emt
00:03:49]} Kf8 {[%clk 00:14:30]} {[%emt 00:00:05]} 31. Kf2 {[%clk 00:50:49]}
{[%emt 00:00:46]} c3 {[%clk 00:10:58]} {[%emt 00:03:43]} 32. Bxe7+ {[%clk
00:46:39]} {[%emt 00:04:19]} Qxe7 {[%clk 00:09:58]} {[%emt 00:01:10]} 33. Ke2
{[%clk 00:46:39]} {[%emt 00:00:06]} f5 {[%clk 00:08:46]} {[%emt 00:01:22]} 34.
c6 {[%clk 00:45:34]} {[%emt 00:01:15]} Qg5 {[%clk 00:08:41]} {[%emt 00:00:14]}
35. g3 {[%clk 00:45:07]} {[%emt 00:00:37]} Qh5 {[%clk 00:08:22]} {[%emt
00:00:29]} 36. Qc5+ {[%clk 00:43:03]} {[%emt 00:02:15]} Kf7 {[%clk 00:08:14]}
{[%emt 00:00:18]} 37. Qxc3 {[%clk 00:42:45]} {[%emt 00:00:29]} Qxh2+ {[%clk
00:06:12]} {[%emt 00:02:12]} 38. Kd3 {[%clk 00:42:11]} {[%emt 00:00:44]} Qh1
{[%clk 00:04:06]} {[%emt 00:02:15]} 39. Kc2 {[%clk 00:41:06]} {[%emt 00:01:16]}
Qg2+ {[%clk 00:01:56]} {[%emt 00:02:19]} 40. Kb3 {[%clk 00:40:53]} {[%emt
00:00:22]} Qxf3 {[%clk 00:01:56]} {[%emt 00:00:11]} 41. c7 {[%clk 00:40:53]}
{[%emt 00:00:01]} Qd5+ {[%clk 00:01:19]} {[%emt 00:00:47]} 42. Kb2 {[%clk
00:40:53]} Qg2+ {[%clk 00:00:48]} {[%emt 00:00:40]} 43. Qc2 {[%clk 00:40:53]}
{[%emt 00:00:02]} Qxg3 {[%clk 00:00:19]} {[%emt 00:00:38]} 44. c8=Q {[%emt
00:00:06]} Qxe3 {[%clk 00:00:19]} {[%emt 00:00:05]} 45. Q2c7+ {[%clk 00:40:53]}
{[%emt 00:00:10]} Kf6 {[%clk 00:00:19]} {[%emt 00:00:04]} 46. Q8d8+ {[%clk
00:40:47]} {[%emt 00:00:16]} Ke6 {[%clk 00:00:19]} {[%emt 00:00:03]} 47. Qg8+
{[%clk 00:40:47]} {[%emt 00:00:08]} Kf6 {[%clk 00:00:19]} {[%emt 00:00:05]} 48.
Qcd8# {[%clk 00:40:47]} 1-0

[Event "2024 US National High School (K-12) Championship"]
[Site "Baltimore, Maryland, United States"]
[Date "2024.04.06"]
[Round "3.10"]
[White "Clasby, Derek"]
[Black "Zhu, Ryan"]
[Result "1-0"]
[TimeControl "G/90; d10"]
[WhiteFideId "30932300"]
[BlackFideId "30951828"]
[WhiteElo "2393"]
[BlackElo "2089"]

1. e4 {[%clk 01:30:00]} {[%emt 00:00:06]} c5 {[%clk 01:30:00]} {[%emt
00:00:06]} 2. Nf3 {[%clk 01:29:53]} {[%emt 00:00:17]} d6 {[%clk 01:30:00]}
{[%emt 00:00:07]} 3. Bb5+ {[%clk 01:28:50]} {[%emt 00:01:14]} Nd7 {[%clk
01:29:59]} {[%emt 00:00:10]} 4. O-O {[%clk 01:27:57]} {[%emt 00:01:05]} a6
{[%clk 01:29:17]} {[%emt 00:00:53]} 5. Bxd7+ {[%clk 01:26:33]} {[%emt
00:01:33]} Qxd7 {[%clk 01:27:23]} {[%emt 00:02:04]} 6. d4 {[%clk 01:24:15]}
{[%emt 00:02:29]} cxd4 {[%clk 01:23:21]} {[%emt 00:04:11]} 7. Qxd4 {[%clk
01:23:40]} {[%emt 00:00:44]} b5 {[%clk 01:13:06]} {[%emt 00:10:25]} 8. a4
{[%clk 01:22:40]} {[%emt 00:01:10]} bxa4 {[%clk 01:07:31]} {[%emt 00:05:45]} 9.
Nc3 {[%clk 01:21:03]} {[%emt 00:01:47]} Bb7 {[%clk 01:04:06]} {[%emt 00:03:35]}
10. Nd5 {[%clk 01:18:06]} {[%emt 00:03:08]} Bxd5 {[%clk 00:54:53]} {[%emt
00:09:23]} 11. exd5 {[%clk 01:17:47]} {[%emt 00:00:28]} Nf6 {[%clk 00:54:19]}
{[%emt 00:00:41]} 12. Bg5 {[%clk 01:16:34]} {[%emt 00:01:26]} Qb7 {[%clk
00:47:31]} {[%emt 00:06:53]} 13. Bxf6 {[%clk 01:16:02]} {[%emt 00:00:47]} gxf6
{[%clk 00:47:26]} {[%emt 00:00:14]} 14. Qxa4+ {[%clk 01:14:50]} {[%emt
00:01:23]} Qd7 {[%clk 00:46:55]} {[%emt 00:00:40]} 15. Nd4 {[%clk 01:13:07]}
{[%emt 00:01:54]} Qxa4 {[%clk 00:37:51]} {[%emt 00:09:14]} 16. Rxa4 {[%clk
01:13:07]} {[%emt 00:00:07]} f5 {[%clk 00:36:53]} {[%emt 00:01:08]} 17. Rfa1
{[%clk 01:05:52]} {[%emt 00:07:25]} Bg7 {[%clk 00:34:57]} {[%emt 00:02:06]} 18.
Nxf5 {[%clk 01:04:40]} {[%emt 00:01:23]} Bxb2 {[%clk 00:32:37]} {[%emt
00:02:27]} 19. Rxa6 {[%clk 01:04:11]} {[%emt 00:00:41]} Rxa6 {[%clk 00:31:22]}
{[%emt 00:01:25]} 20. Rxa6 {[%clk 01:03:16]} {[%emt 00:01:05]} Bf6 {[%clk
00:30:26]} {[%emt 00:01:04]} 21. Ra8+ {[%clk 01:01:50]} {[%emt 00:01:37]} Kd7
{[%clk 00:30:26]} {[%emt 00:00:07]} 22. Ra7+ {[%clk 01:01:50]} {[%emt
00:00:11]} Kd8 {[%clk 00:29:07]} {[%emt 00:01:28]} 23. Nh6 {[%clk 01:00:51]}
{[%emt 00:01:10]} Kc8 {[%clk 00:26:42]} {[%emt 00:02:31]} 24. Nxf7 {[%clk
00:59:16]} {[%emt 00:01:49]} Kb8 {[%clk 00:26:13]} {[%emt 00:00:37]} 25. Ra4
{[%clk 00:56:15]} {[%emt 00:03:13]} Rf8 {[%clk 00:25:41]} {[%emt 00:00:40]} 26.
Nh6 {[%clk 00:55:49]} {[%emt 00:00:38]} Kc7 {[%clk 00:24:34]} {[%emt 00:01:04]}
27. Ng4 {[%clk 00:55:19]} {[%emt 00:00:53]} Bg5 {[%clk 00:23:55]} {[%emt
00:00:38]} 28. g3 {[%clk 00:54:52]} {[%emt 00:00:48]} Kb6 {[%clk 00:22:14]}
{[%emt 00:01:50]} 29. f4 {[%clk 00:53:53]} {[%emt 00:01:10]} Bf6 {[%clk
00:22:14]} {[%emt 00:00:08]} 30. Nxf6 {[%clk 00:53:47]} {[%emt 00:00:16]} Rxf6
{[%clk 00:21:42]} {[%emt 00:00:42]} 31. Re4 {[%clk 00:53:35]} {[%emt 00:00:23]}
Rf7 {[%clk 00:21:23]} {[%emt 00:00:27]} 32. Kf2 {[%clk 00:53:06]} {[%emt
00:00:40]} Kc5 {[%clk 00:21:15]} {[%emt 00:00:18]} 33. c4 {[%clk 00:53:06]}
{[%emt 00:00:04]} Kb4 {[%clk 00:21:07]} {[%emt 00:00:17]} 34. g4 {[%clk
00:52:55]} {[%emt 00:00:22]} Kc3 {[%clk 00:21:05]} {[%emt 00:00:12]} 35. f5
{[%clk 00:52:43]} {[%emt 00:00:21]} Kd3 {[%clk 00:20:55]} {[%emt 00:00:20]} 36.
Kf3 {[%clk 00:52:43]} {[%emt 00:00:04]} h5 {[%clk 00:20:35]} {[%emt 00:00:29]}
37. h3 {[%clk 00:52:36]} {[%emt 00:00:18]} hxg4 {[%clk 00:17:29]} {[%emt
00:03:15]} 38. hxg4 {[%clk 00:52:36]} {[%emt 00:00:10]} Rg7 {[%clk 00:17:06]}
{[%emt 00:00:32]} 39. Rf4 {[%clk 00:51:47]} {[%emt 00:01:00]} Rg5 {[%clk
00:16:18]} {[%emt 00:00:57]} 40. Kg3 {[%clk 00:51:45]} {[%emt 00:00:13]} Ke3
{[%clk 00:15:58]} {[%emt 00:00:29]} 41. f6 {[%clk 00:51:22]} {[%emt 00:00:33]}
exf6 {[%clk 00:15:58]} {[%emt 00:00:10]} 42. Rxf6 {[%clk 00:51:22]} {[%emt
00:00:07]} Kd4 {[%clk 00:15:58]} {[%emt 00:00:09]} 43. Kf4 {[%clk 00:51:17]}
{[%emt 00:00:16]} Rg8 {[%clk 00:15:58]} {[%emt 00:00:09]} 44. g5 {[%clk
00:51:11]} {[%emt 00:00:17]} Rd8 {[%clk 00:15:46]} {[%emt 00:00:22]} 45. g6
{[%clk 00:50:15]} {[%emt 00:01:06]} Kxc4 {[%clk 00:15:46]} {[%emt 00:00:08]} 46.
Rf5 {[%clk 00:50:15]} {[%emt 00:00:08]} Kd4 {[%clk 00:15:36]} {[%emt 00:00:19]}
47. g7 {[%clk 00:49:44]} {[%emt 00:00:42]} Rg8 {[%clk 00:15:36]} {[%emt
00:00:02]} 48. Rg5 {[%clk 00:49:44]} {[%emt 00:00:11]} Kc4 {[%clk 00:15:21]}
{[%emt 00:00:23]} 49. Kg4 {[%clk 00:48:48]} {[%emt 00:01:07]} Kd4 {[%clk
00:15:16]} {[%emt 00:00:16]} 50. Kh5 {[%clk 00:48:48]} {[%emt 00:00:04]} Rxg7
{[%clk 00:15:16]} {[%emt 00:00:07]} 51. Rxg7 {[%clk 00:48:48]} {[%emt
00:00:04]} Kxd5 {[%clk 00:15:16]} {[%emt 00:00:04]} 52. Kg4 {[%clk 00:48:48]}
{[%emt 00:00:09]} Ke4 {[%clk 00:15:15]} {[%emt 00:00:11]} 53. Re7+ {[%clk
00:48:48]} {[%emt 00:00:04]} Kd4 {[%clk 00:15:15]} {[%emt 00:00:04]} 54. Kf3
{[%clk 00:48:48]} {[%emt 00:00:05]} d5 {[%clk 00:15:15]} {[%emt 00:00:07]} 55.
Rd7 {[%clk 00:48:48]} {[%emt 00:00:07]} Kc4 {[%clk 00:15:15]} {[%emt 00:00:07]}
56. Ke3 {[%clk 00:48:48]} {[%emt 00:00:04]} Kc5 {[%clk 00:15:15]} {[%emt
00:00:05]} 57. Kd3 {[%clk 00:48:48]} {[%emt 00:00:04]} Kc6 {[%clk 00:15:15]}
{[%emt 00:00:04]} 58. Rd8 {[%clk 00:48:48]} {[%emt 00:00:06]} Kc5 {[%clk
00:15:15]} {[%emt 00:00:04]} 59. Kc3 {[%clk 00:48:48]} {[%emt 00:00:05]} Kc6
{[%clk 00:15:15]} {[%emt 00:00:03]} 60. Kd4 {[%clk 00:48:48]} {[%emt 00:00:05]}
1-0

[Event "2024 US National High School (K-12) Championship"]
[Site "Baltimore, Maryland, United States"]
[Date "2024.04.06"]
[Round "3.12"]
[White "Mei, Austin R"]
[Black "Jammalamadaka, Vihaan"]
[Result "1-0"]
[TimeControl "G/90; d10"]
[WhiteTitle "FM"]
[WhiteFideId "30948479"]
[BlackFideId "30977134"]
[WhiteElo "2331"]
[BlackElo "2021"]

1. e4 {[%clk 01:30:00]} {[%emt 00:00:01]} c5 {[%clk 01:30:00]} {[%emt
00:00:06]} 2. Nf3 {[%clk 01:30:00]} {[%emt 00:00:02]} Nf6 {[%clk 01:29:49]}
{[%emt 00:00:21]} 3. e5 {[%clk 01:30:00]} {[%emt 00:00:02]} Nd5 {[%clk
01:29:43]} {[%emt 00:00:14]} 4. Nc3 {[%clk 01:30:00]} {[%emt 00:00:03]} e6
{[%clk 01:29:37]} {[%emt 00:00:16]} 5. Ne4 {[%clk 01:30:00]} {[%emt 00:00:09]}
f5 {[%clk 01:29:15]} {[%emt 00:00:32]} 6. Nc3 {[%clk 01:30:00]} {[%emt
00:00:03]} Nb4 {[%clk 01:28:49]} {[%emt 00:00:35]} 7. a3 {[%clk 01:10:57]}
{[%emt 00:19:14]} N4c6 {[%clk 01:28:25]} {[%emt 00:00:34]} 8. d4 {[%clk
01:10:53]} {[%emt 00:00:15]} Nxd4 {[%clk 01:25:13]} {[%emt 00:03:22]} 9. Nxd4
{[%clk 01:09:59]} {[%emt 00:01:03]} cxd4 {[%clk 01:25:13]} {[%emt 00:00:08]} 10.
Qxd4 {[%clk 01:09:59]} {[%emt 00:00:02]} Nc6 {[%clk 01:24:51]} {[%emt
00:00:32]} 11. Qe3 {[%clk 01:05:50]} {[%emt 00:04:17]} d6 {[%clk 01:02:33]}
{[%emt 00:22:31]} 12. exd6 {[%clk 00:41:41]} {[%emt 00:24:19]} Bxd6 {[%clk
01:02:10]} {[%emt 00:00:32]} 13. Bd2 {[%clk 00:41:30]} {[%emt 00:00:21]} O-O
{[%clk 01:01:09]} {[%emt 00:01:10]} 14. O-O-O {[%clk 00:40:22]} {[%emt
00:01:19]} Qf6 {[%clk 00:59:37]} {[%emt 00:01:41]} 15. Bc4 {[%clk 00:34:23]}
{[%emt 00:06:10]} Kh8 {[%clk 00:54:29]} {[%emt 00:05:19]} 16. f4 {[%clk
00:29:46]} {[%emt 00:04:47]} a6 {[%clk 00:45:53]} {[%emt 00:08:46]} 17. Rhe1
{[%clk 00:29:46]} {[%emt 00:00:08]} b5 {[%clk 00:34:46]} {[%emt 00:11:18]} 18.
Bxe6 {[%clk 00:29:42]} {[%emt 00:00:13]} Re8 {[%clk 00:31:24]} {[%emt
00:03:33]} 19. Qb6 {[%clk 00:28:02]} {[%emt 00:01:49]} Bxe6 {[%clk 00:25:57]}
{[%emt 00:05:38]} 20. Qxc6 {[%clk 00:26:46]} {[%emt 00:01:26]} Rad8 {[%clk
00:25:09]} {[%emt 00:00:58]} 21. g3 {[%clk 00:21:43]} {[%emt 00:05:12]} Qf8
{[%clk 00:13:57]} {[%emt 00:11:22]} 22. Be3 {[%clk 00:12:04]} {[%emt 00:09:50]}
Bxa3 {[%clk 00:08:22]} {[%emt 00:05:44]} 23. Rxd8 {[%clk 00:12:03]} {[%emt
00:00:11]} Bxb2+ {[%clk 00:08:17]} {[%emt 00:00:15]} 24. Kb1 {[%clk 00:12:03]}
{[%emt 00:00:07]} Rxd8 {[%clk 00:07:55]} {[%emt 00:00:32]} 25. Bc5 {[%clk
00:12:03]} {[%emt 00:00:08]} Qf7 {[%clk 00:04:17]} {[%emt 00:03:48]} 26. Kxb2
{[%clk 00:11:58]} {[%emt 00:00:14]} Bc4 {[%clk 00:03:39]} {[%emt 00:00:47]} 27.
Re7 {[%clk 00:11:15]} {[%emt 00:00:55]} Qg8 {[%clk 00:03:37]} {[%emt 00:00:12]}
28. Bd4 {[%clk 00:10:40]} {[%emt 00:00:45]} Bf7 {[%clk 00:03:01]} {[%emt
00:00:45]} 29. Be5 {[%clk 00:08:35]} {[%emt 00:02:15]} b4 {[%clk 00:02:27]}
{[%emt 00:00:45]} 30. Ne2 {[%clk 00:07:29]} {[%emt 00:01:14]} b3 {[%clk
00:02:22]} {[%emt 00:00:16]} 31. Nd4 {[%clk 00:06:58]} {[%emt 00:00:41]} Rc8
{[%clk 00:01:46]} {[%emt 00:00:47]} 32. Qb7 {[%clk 00:06:29]} {[%emt 00:00:37]}
bxc2 {[%clk 00:01:39]} {[%emt 00:00:19]} 33. Nxc2 {[%clk 00:06:11]} {[%emt
00:00:28]} Rf8 {[%clk 00:00:57]} {[%emt 00:00:52]} 34. Nd4 {[%clk 00:06:11]}
{[%emt 00:00:07]} h6 {[%clk 00:00:30]} {[%emt 00:00:38]} 35. Ne6 {[%clk
00:05:02]} {[%emt 00:01:17]} Re8 {[%clk 00:00:06]} {[%emt 00:00:35]} 36. Rxf7
{[%clk 00:04:37]} {[%emt 00:00:35]} 1-0

[Event "2024 US National High School (K-12) Championship"]
[Site "Baltimore, Maryland, United States"]
[Date "2024.04.06"]
[Round "3.13"]
[White "Colombo, Dominic"]
[Black "Gao, Marvin"]
[Result "0-1"]
[TimeControl "G/90; d10"]
[BlackTitle "CM"]
[WhiteFideId "30959594"]
[BlackFideId "30920175"]
[WhiteElo "1876"]
[BlackElo "2325"]

1. e4 {[%clk 01:30:00]} c5 {[%clk 01:30:00]} {[%emt 00:00:07]} 2. Nf3 {[%clk
01:30:00]} {[%emt 00:00:04]} Nc6 {[%clk 01:30:00]} {[%emt 00:00:06]} 3. d4
{[%clk 01:30:00]} {[%emt 00:00:03]} cxd4 {[%clk 01:30:00]} {[%emt 00:00:07]} 4.
Nxd4 {[%clk 01:30:00]} {[%emt 00:00:04]} g6 {[%clk 01:30:00]} {[%emt 00:00:09]}
5. c4 {[%clk 01:30:00]} {[%emt 00:00:03]} Nf6 {[%clk 01:30:00]} {[%emt
00:00:07]} 6. Nc3 {[%clk 01:30:00]} {[%emt 00:00:04]} Nxd4 {[%clk 01:30:00]}
{[%emt 00:00:07]} 7. Qxd4 {[%clk 01:30:00]} {[%emt 00:00:05]} d6 {[%clk
01:30:00]} {[%emt 00:00:06]} 8. Be2 {[%clk 01:30:00]} {[%emt 00:00:04]} Bg7
{[%clk 01:30:00]} {[%emt 00:00:06]} 9. Be3 {[%clk 01:30:00]} {[%emt 00:00:04]}
O-O {[%clk 01:29:59]} {[%emt 00:00:11]} 10. Qd3 {[%clk 01:28:37]} {[%emt
00:01:34]} a5 {[%clk 01:27:04]} {[%emt 00:03:05]} 11. O-O {[%clk 01:27:12]}
{[%emt 00:01:35]} a4 {[%clk 01:27:01]} {[%emt 00:00:11]} 12. Rad1 {[%clk
01:25:14]} {[%emt 00:02:09]} Qa5 {[%clk 01:26:43]} {[%emt 00:00:28]} 13. Bd4
{[%clk 01:20:32]} {[%emt 00:04:53]} Be6 {[%clk 01:23:02]} {[%emt 00:03:50]} 14.
f4 {[%clk 01:15:05]} {[%emt 00:05:38]} Rfc8 {[%clk 01:22:34]} {[%emt 00:00:37]}
15. b3 {[%clk 01:13:37]} {[%emt 00:01:38]} axb3 {[%clk 00:55:44]} {[%emt
00:27:00]} 16. axb3 {[%clk 01:13:37]} {[%emt 00:00:07]} Re8 {[%clk 00:51:59]}
{[%emt 00:03:54]} 17. Nb5 {[%clk 01:05:55]} {[%emt 00:07:53]} Qd8 {[%clk
00:43:50]} {[%emt 00:08:18]} 18. Ra1 {[%clk 01:02:10]} {[%emt 00:03:55]} Rxa1
{[%clk 00:43:20]} {[%emt 00:00:40]} 19. Rd1 {[%emt 00:00:05]} Rb1 20. Rxb1
{[%clk 01:02:10]} Bd7 {[%clk 00:39:07]} {[%emt 00:04:23]} 21. Ra1 {[%clk
00:56:59]} Bc6 {[%clk 00:28:18]} {[%emt 00:16:20]} 22. Nc3 {[%clk 00:41:43]}
Nd7 {[%clk 00:26:45]} {[%emt 00:17:09]} 23. e5 d5 24. exd6 {[%clk 00:36:55]} e5
{[%clk 00:26:45]} {[%emt 00:00:05]} 25. fxe5 {[%clk 00:32:33]} {[%emt
00:04:33]} Nxe5 {[%clk 00:26:45]} {[%emt 00:00:05]} 26. Qg3 {[%clk 00:29:14]}
{[%emt 00:03:29]} Nf3+ {[%clk 00:25:37]} {[%emt 00:01:18]} 27. Bxf3 {[%clk
00:27:11]} {[%emt 00:02:13]} Bxd4+ {[%clk 00:25:37]} {[%emt 00:00:07]} 28. Kf1
{[%clk 00:26:45]} {[%emt 00:00:36]} Bxc3 {[%clk 00:25:17]} {[%emt 00:00:30]} 29.
Bxc6 {[%clk 00:24:38]} {[%emt 00:02:17]} Bxa1 {[%clk 00:19:55]} {[%emt
00:05:32]} 30. Bxe8 {[%clk 00:24:38]} {[%emt 00:00:06]} Qxe8 {[%clk 00:19:55]}
{[%emt 00:00:05]} 31. Qf3 {[%clk 00:13:13]} {[%emt 00:11:35]} Qd7 {[%clk
00:18:38]} {[%emt 00:01:26]} 32. Qd5 {[%clk 00:12:19]} {[%emt 00:01:05]} Bc3
{[%clk 00:18:09]} {[%emt 00:00:39]} 33. c5 {[%clk 00:06:58]} {[%emt 00:05:32]}
Qb5+ {[%clk 00:17:57]} {[%emt 00:00:22]} 34. Kf2 {[%clk 00:06:48]} {[%emt
00:00:20]} Bb4 {[%clk 00:17:50]} {[%emt 00:00:17]} 35. Kf3 {[%clk 00:03:20]}
{[%emt 00:03:38]} Qxc5 {[%clk 00:17:27]} {[%emt 00:00:33]} 36. Qxb7 {[%clk
00:02:47]} {[%emt 00:00:42]} Qc3+ {[%clk 00:17:20]} {[%emt 00:00:16]} 37. Ke4
{[%clk 00:02:27]} {[%emt 00:00:32]} f5+ {[%clk 00:17:16]} {[%emt 00:00:13]} 38.
Kf4 {[%clk 00:01:31]} {[%emt 00:01:07]} Bxd6+ {[%clk 00:17:04]} {[%emt
00:00:22]} 39. Kg5 {[%clk 00:01:31]} {[%emt 00:00:03]} Qe3+ {[%clk 00:16:37]}
{[%emt 00:00:36]} 40. Kf6 {[%clk 00:01:24]} {[%emt 00:00:18]} Qe5+ {[%clk
00:16:37]} {[%emt 00:00:05]} 41. Kg5 {[%clk 00:01:20]} {[%emt 00:00:13]} f4+
{[%clk 00:16:37]} {[%emt 00:00:08]} 0-1